000 02164nam0a2200349 i 4500
001 RU\NLR\bibl\1942733
005 20240921135859.0
010 _a9785422003075
_9100
021 _aRU
_b2012-60870
_94456
035 _a(NLR Aleph) 001931995
090 _a3448450
_c3448450
100 _a20120907d2012 u y0rusy50 ca
101 0 _arus
_aeng
102 _aRU
105 _aa |||||||||
200 1 _aИнформационный век
_eit English course
_e[учебное пособие для практики устной и письменной речи по английскому языку для студентов по направлениям "Инфокоммуникационные технологии и системы связи" и "Информационные системы и технологии"]
_fГ.В. Гунченко, Л.В. Правикова
_gМ-во образования и науки РФ, Федерал. гос. бюджет. образоват. учреждление высш. проф. образования "Пятигорский гос. лингвист. ун-т"
210 _aПятигорск
_cФГБОУ ВПО "Пятигорский государственный лингвистический университет"
_d2012
215 _a220 с.
_cил.
_d21
320 _aНа обл.: The Information age: it English course / G.V. Gunchenko, L.V. Pravikova
512 1 _6z45790
_aThe Information age
_eit English course
606 1 _aАнглийский язык
_xУчебные издания для информационно-технологической отрасли
_92408835
_3RU\NLR\AUTH\661435381
686 1 _aШ143.21-93рус328.71
700 1 _aГунченко
_bГ. В.
_gГалина Викторовна
_4070
701 1 _aПравикова
_bЛ. В.
_gЛюдмила Владимировна
_4070
790 1 _6z45
_aGunčenko
_bG. V.
_gGalina Viktorovna
_4070
790 1 _6z45
_aPravikova
_bL. V.
_gLjudmila Vladimirovna
_4070
801 0 _aRU
_bNLR
_c20120907
_gRCR
801 1 _aRU
_bNLR
_c20120907
942 _cBOOK
980 _aNBR